D.L. Moody /

Bibliographic Details
Main Author: Moody, William R. (William Revell), 1869-1933
Format: Book
Language:English
Published: New York : Garland Pub., 1988
Series:Fundamentalism in American religion, 1880-1950 ; 1.
Subjects:

MARC

Tag First Indicator Second Indicator Subfields
LEADER 00000cam a2200000 a 4500
001 in00001114621
005 20150930070356.0
008 880209r19881930nyuaf b 001 0beng
010 |a  88004133  
015 |a GB91-12211 
020 |a 0824050029 (alk. paper) :  |c $85.00 
035 |a (OCoLC)17546504 
035 |9 AFV7132AM 
040 |a DLC  |c DLC  |d UKM  |d TXA  |d UtOrBLW 
049 |a TXAM 
050 0 0 |a BV3785.M7  |b M63 1988 
082 0 |a 269.20924  |a B  |2 19 
100 1 |a Moody, William R.  |q (William Revell),  |d 1869-1933. 
245 1 0 |a D.L. Moody /  |c William R. Moody. 
264 1 |a New York :  |b Garland Pub.,  |c 1988 
264 4 |c [©1930] 
300 |a 556 pages, 8 unnumbered leaves of plates :  |b illustrations ;  |c 23 cm. 
336 |a text  |b txt  |2 rdacontent 
337 |a unmediated  |b n  |2 rdamedia 
338 |a volume  |b nc  |2 rdacarrier 
490 1 |a Fundamentalism in American religion, 1880-1950 ;  |v 1 
500 |a Reprint. Originally published: New York : Macmillan Co., 1930. 
504 |a Bibliography: pages 543-548. 
500 |a Includes index. 
600 1 0 |a Moody, Dwight Lyman,  |d 1837-1899. 
650 0 |a Evangelists  |z United States  |v Biography. 
830 0 |a Fundamentalism in American religion, 1880-1950 ;  |v 1. 
999 |a MARS 
999 f f |s 08ced85b-81c9-3403-926a-1d8b21159070  |i ee944164-16e4-3996-97ae-7033cf4d25d5  |t 0 
952 f f |p ric  |a Texas A&M University  |b Rellis Campus  |c Joint Library Facility  |d Remote Storage  |t 0  |e BV3785.M7 M63 1988  |h Library of Congress classification  |i unmediated -- volume  |m A14817056344 
998 f f |a BV3785.M7 M63 1988  |t 0  |l Remote Storage